[Event "ch-ESP Gp A"]
[Site "Ayamonte ESP"]
[Date "2002.10.04"]
[Round "1"]
[White "Romero Holmes,A"]
[Black "Fernandez Garcia,Jo"]
[Result "1-0"]
[WhiteElo "2524"]
[BlackElo "2453"]
[EventDate "2002.10.04"]

1. c4 e5 2. g3 Nf6 3. Bg2 d5 4. cxd5 Nxd5 5. Nc3 Nb6 6. d3 Be7 7. Be3 O-O
8. Rc1 Re8 9. a3 Bf8 10. Qc2 a6 11. Nf3 Nc6 12. O-O Bg4 13. Rfe1 Rc8 14.
Na4 Nd5 15. Bc5 Bxf3 16. Bxf3 Bxc5 17. Qxc5 Nce7 18. b4 c6 19. e4 Nc7 20.
Bg4 Rb8 21. Qxe5 Ng6 22. Qa1 Nb5 23. Re3 Ne5 24. Be2 Nd4 25. Qb2 f5 26.
exf5 Qd5 27. Rc5 Nef3+ 28. Bxf3 Nxf3+ 29. Kh1 Rxe3 30. Rxd5 Re1+ 31. Kg2
Nh4+ 32. gxh4 cxd5 33. Nc5 Re7 34. Qd4 Rd8 35. Ne6 Rde8 36. Qxd5 Kh8 37. h5
1-0

[Event "ch-ESP Gp A"]
[Site "Ayamonte ESP"]
[Date "2002.10.04"]
[Round "1"]
[White "Del Rio Angelis,S"]
[Black "San Segundo Carrillo,P"]
[Result "1/2-1/2"]
[WhiteElo "2494"]
[BlackElo "2523"]
[EventDate "2002.10.04"]

1. d4 Nf6 2. Nf3 e6 3. g3 c5 4. Bg2 cxd4 5. Nxd4 a6 6. O-O Qc7 7. e4 Nc6 8.
c4 Nxd4 9. Qxd4 Bd6 10. Nc3 b6 11. Be3 Rb8 12. Na4 O-O 13. Rac1 e5 14. Qd1
Bc5 15. Bg5 Qc6 16. Nc3 h6 17. Bxf6 Qxf6 18. Nd5 Qd6 19. Qe2 Bb7 20. Rfd1
Bxd5 21. Rxd5 Qe6 22. h4 d6 23. a3 Bd4 24. Kh2 b5 25. cxb5 Rxb5 26. Rxb5
axb5 27. Qxb5 Bxf2 28. Qc4 Qg6 29. Qd3 Bd4 30. b4 d5 31. b5 dxe4 32. Qxe4
f5 33. Qd5+ Kh8 34. Rc6 Qh5 35. Bf3 Qe8 36. b6 e4 37. Bg2 Bf2 38. b7 Qb8
39. Qd6 Kh7 40. Qxb8 Rxb8 41. Bh3 Rxb7 42. Bxf5+ Kg8 43. Bxe4 Ra7 44. Rc3
Bd4 45. Rc4 Be5 46. a4 Kf7 47. Kg2 Ke6 48. g4 Rc7 49. Rb4 Bd6 50. Bf5+ Kd5
51. Rb6 Rc4 52. a5 Rb4 53. Rxb4 Bxb4 1/2-1/2

[Event "ch-ESP Gp A"]
[Site "Ayamonte ESP"]
[Date "2002.10.04"]
[Round "1"]
[White "Shirov,A"]
[Black "Estremera Panos,S"]
[Result "1-0"]
[WhiteElo "2699"]
[BlackElo "2359"]
[EventDate "2002.10.04"]

1. e4 c5 2. Nf3 d6 3. d4 cxd4 4. Nxd4 Nf6 5. Nc3 Nc6 6. g3 g6 7. Nde2 Bg7
8. Bg2 O-O 9. O-O Rb8 10. a4 a6 11. h3 b5 12. axb5 axb5 13. b3 b4 14. Na4
Ba6 15. Bb2 Qc7 16. Re1 Bxe2 17. Qxe2 Nd7 18. Red1 Rfc8 19. Rd2 Nb6 20.
Nxb6 Rxb6 21. Bxg7 Kxg7 22. Qe3 Rb5 23. Rd5 Qb6 24. Qxb6 Rxb6 25. Bf1 Ne5
26. f4 Nd7 27. e5 Rxc2 28. Ra7 Nc5 29. Rxe7 dxe5 30. Rc7 exf4 31. Rdxc5
Rxc5 32. Rxc5 1-0

[Event "ch-ESP Gp A"]
[Site "Ayamonte ESP"]
[Date "2002.10.05"]
[Round "2"]
[White "Fernandez Garcia,Jo"]
[Black "Estremera Panos,S"]
[Result "1/2-1/2"]
[WhiteElo "2453"]
[BlackElo "2359"]
[EventDate "2002.10.04"]

1. e4 c5 2. Nf3 Nc6 3. d4 cxd4 4. Nxd4 Nf6 5. Nc3 d6 6. Bg5 e6 7. Qd2 Qb6
8. O-O-O Qxd4 9. Qxd4 Nxd4 10. Rxd4 a6 11. Bxf6 gxf6 12. Na4 Bd7 13. Nb6
Rd8 14. Nxd7 Rxd7 15. Be2 Rg8 16. g3 Bh6+ 17. Kb1 Ke7 18. Rhd1 Rc8 19. R1d3
Rc5 20. a4 Bg7 21. Rb4 a5 22. Rb6 Rdc7 23. Rdb3 Rxc2 24. Rxb7 Bh6 25. R3b5
Bd2 26. Rxc7+ Rxc7 27. Rh5 h6 28. f4 e5 29. b3 Rc5 30. Rxh6 exf4 31. gxf4
Bxf4 32. Rh7 Rc1+ 33. Kb2 Rh1 1/2-1/2

[Event "ch-ESP Gp A"]
[Site "Ayamonte ESP"]
[Date "2002.10.05"]
[Round "2"]
[White "Romero Holmes,A"]
[Black "Del Rio Angelis,S"]
[Result "1-0"]
[WhiteElo "2524"]
[BlackElo "2494"]
[EventDate "2002.10.04"]

1. d4 d5 2. Bg5 c6 3. e3 Qb6 4. Qc1 Bf5 5. Nf3 Nd7 6. c4 Ngf6 7. Nc3 Ne4 8.
Bf4 Nxc3 9. bxc3 h6 10. a4 Qa5 11. Nd2 e6 12. Be2 Be7 13. O-O O-O 14. Qb2
Qb6 15. Qa2 Qa5 16. cxd5 cxd5 17. c4 Bb4 18. Nb3 Qd8 19. c5 a5 20. Bd6 Re8
21. Bb5 Kh8 22. Qe2 Rg8 23. f3 Bg6 24. Nc1 e5 25. Na2 exd4 26. exd4 Nb8 1-0

[Event "ch-ESP Gp A"]
[Site "Ayamonte ESP"]
[Date "2002.10.06"]
[Round "3"]
[White "Del Rio Angelis,S"]
[Black "Fernandez Garcia,Jo"]
[Result "1/2-1/2"]
[WhiteElo "2494"]
[BlackElo "2453"]
[EventDate "2002.10.04"]

1. e4 e5 2. Nf3 Nc6 3. Bb5 a6 4. Ba4 Nf6 5. O-O Be7 6. Qe2 b5 7. Bb3 O-O 8.
c3 d6 9. Rd1 Na5 10. Bc2 c5 11. d4 Qc7 12. d5 Bd7 13. Nbd2 Ne8 14. Nf1 g6
15. h3 Ng7 16. N3h2 Nb7 17. g4 Nd8 18. f4 exf4 19. Bxf4 f6 20. h4 Nf7 21.
h5 Ne5 22. hxg6 hxg6 23. Ne3 Rae8 24. Kh1 Bd8 25. Rg1 Re7 26. Raf1 Ne8 27.
g5 Bh3 28. Rf2 fxg5 29. Bxe5 Rxf2 30. Qxf2 Rxe5 31. Nf3 Bf6 32. Ng4 Bxg4
33. Rxg4 Qd7 34. Nxe5 Bxe5 35. Qg2 Bf4 36. Rxf4 Qh7+ 37. Kg1 gxf4 38. e5
Qh4 39. Qxg6+ Kf8 40. Qf5+ Ke7 41. Qe6+ Kd8 42. exd6 Qg3+ 43. Kf1 Qf3+ 44.
Ke1 Qg3+ 45. Kf1 Qf3+ 46. Ke1 1/2-1/2

[Event "ch-ESP Gp A"]
[Site "Ayamonte ESP"]
[Date "2002.10.06"]
[Round "3"]
[White "Estremera Panos,S"]
[Black "San Segundo Carrillo,P"]
[Result "0-1"]
[WhiteElo "2359"]
[BlackElo "2523"]
[EventDate "2002.10.04"]

1. d4 Nf6 2. c4 c5 3. d5 g6 4. Nc3 Bg7 5. e4 d6 6. Nf3 O-O 7. Be2 e6 8. O-O
exd5 9. cxd5 Re8 10. Nd2 Na6 11. f3 Nc7 12. a4 Nd7 13. Nc4 Ne5 14. Ne3 f5
15. exf5 gxf5 16. f4 Nf7 17. Kh1 Qf6 18. Rf3 Bd7 19. Bd2 Kh8 20. Qc2 Nh6
21. Rg3 Re7 22. Ncd1 Qd4 23. Rxg7 Rxg7 24. Bc3 Qxf4 25. b4 Qg5 26. Bf3 Na6
27. bxc5 Nxc5 28. Nc4 Nf7 29. Nf2 Rc8 30. Nh3 Qh6 31. Re1 Nxa4 32. Ba1 Nb6
33. Re7 Rxc4 34. Qxf5 Rc1+ 0-1

[Event "ch-ESP Gp A"]
[Site "Ayamonte ESP"]
[Date "2002.10.07"]
[Round "4"]
[White "Fernandez Garcia,Jo"]
[Black "San Segundo Carrillo,P"]
[Result "1/2-1/2"]
[WhiteElo "2453"]
[BlackElo "2523"]
[EventDate "2002.10.04"]

1. e4 c6 2. c4 d5 3. cxd5 cxd5 4. exd5 Nf6 5. Bb5+ Nbd7 6. Nc3 a6 7. Bxd7+
Qxd7 8. Nf3 Nxd5 9. O-O e6 10. Re1 Be7 11. Qb3 f6 12. d3 Kf7 13. Nd4 Nxc3
14. bxc3 Qd5 15. Qxd5 exd5 16. a4 Bd7 17. Rb1 b5 18. axb5 axb5 19. Nxb5
Rhb8 20. c4 dxc4 21. dxc4 Rc8 22. Nc3 Rxc4 23. Nd5 Bc5 24. Rb7 Ra7 25. Rxa7
Bxa7 26. Re7+ Kg8 27. Be3 1/2-1/2

[Event "ch-ESP Gp A"]
[Site "Ayamonte ESP"]
[Date "2002.10.07"]
[Round "4"]
[White "Romero Holmes,A"]
[Black "Estremera Panos,S"]
[Result "1-0"]
[WhiteElo "2524"]
[BlackElo "2359"]
[EventDate "2002.10.04"]

1. e4 c5 2. Nf3 Nc6 3. d4 cxd4 4. Nxd4 Nf6 5. Nc3 d6 6. h3 e5 7. Nf3 Be7 8.
Bc4 O-O 9. O-O Be6 10. Bb3 Na5 11. Qd3 Nxb3 12. axb3 h6 13. Rd1 a6 14. Nh2
Qc7 15. Nf1 Rac8 16. Ne3 Rfd8 17. Bd2 Bf8 18. Be1 Be7 19. f3 d5 20. Ncxd5
Bxd5 21. exd5 Bc5 22. Bf2 Bxe3 23. Qxe3 Nxd5 24. Qe4 Nf6 25. Qf5 Rxd1+ 26.
Rxd1 e4 27. c3 exf3 28. Qxf3 Re8 29. Rd4 Re6 30. Rb4 b5 31. Rd4 Qc6 32.
Rd8+ Kh7 33. Qf5+ g6 34. Qf4 Qe4 35. Qxe4 Nxe4 36. Bd4 Nf6 37. c4 bxc4 38.
bxc4 g5 39. b4 Kg6 40. b5 axb5 41. cxb5 Ne4 42. b6 Re7 43. g4 f6 44. Rb8
Kf7 45. b7 Ke6 46. Kg2 Nd6 47. Bc5 Rxb7 48. Bxd6 Rd7 49. Bg3 Kf7 50. Rb3
Kg6 51. Rb6 Rd5 52. Rc6 Rd2+ 53. Bf2 Rd3 54. Be1 Rd7 55. Bc3 Rf7 56. Kf3
Rf8 57. Ke4 Re8+ 58. Kd5 Rd8+ 59. Ke6 Rd3 60. Bxf6 Rxh3 61. Rc8 1-0

[Event "ch-ESP Gp A"]
[Site "Ayamonte ESP"]
[Date "2002.10.08"]
[Round "5"]
[White "Estremera Panos,S"]
[Black "Del Rio Angelis,S"]
[Result "0-1"]
[WhiteElo "2359"]
[BlackElo "2494"]
[EventDate "2002.10.04"]

1. d4 e6 2. c4 Nf6 3. Nf3 d5 4. Nc3 Be7 5. Bg5 O-O 6. e3 Nbd7 7. Rc1 a6 8.
c5 c6 9. Bd3 e5 10. dxe5 Ne8 11. Bf4 Nxc5 12. Bb1 f6 13. h4 fxe5 14. Bxe5
Nd7 15. Qc2 g6 16. Bg3 Ndf6 17. Ng5 Nh5 18. Nxh7 Rf5 19. e4 dxe4 20. Rd1
Qa5 21. Ng5 Nxg3 22. fxg3 Bxg5 23. hxg5 Rxg5 24. Qd2 Bg4 25. Nxe4 Rd8 0-1

[Event "ch-ESP Gp A"]
[Site "Ayamonte ESP"]
[Date "2002.10.08"]
[Round "5"]
[White "San Segundo Carrillo,P"]
[Black "Romero Holmes,A"]
[Result "1/2-1/2"]
[WhiteElo "2523"]
[BlackElo "2524"]
[EventDate "2002.10.04"]

1. d4 Nf6 2. c4 g6 3. Nc3 Bg7 4. e4 d6 5. Nf3 O-O 6. Be2 Bg4 7. Be3 Nfd7 8.
Rc1 e6 9. O-O c5 10. Nb5 Bxf3 11. Bxf3 cxd4 12. Bxd4 Ne5 13. Bc3 a6 14.
Nxd6 Nxf3+ 15. gxf3 Nc6 16. Bxg7 Kxg7 17. c5 Qf6 18. Rc3 e5 19. Kh1 Rab8
20. Nc4 Nd4 21. Nb6 Rbd8 22. Nd5 Qh4 23. Rd3 f5 24. Rxd4 exd4 25. Qxd4+ Kh6
26. Qe3+ Qg5 27. Qb3 Qd2 28. Ne3 Qe2 29. exf5 Qxf3+ 30. Kg1 gxf5 31. Qe6+
Kh5 32. Ng2 Rg8 33. Qf7+ Kh6 34. Qf6+ Rg6 35. Qh4+ Kg7 36. Qe7+ Kh6 37.
Qh4+ Kg7 38. Qe7+ 1/2-1/2

[Event "ch-ESP Gp B"]
[Site "Ayamonte ESP"]
[Date "2002.10.04"]
[Round "1"]
[White "Comas Fabrego,L"]
[Black "Gual Pascual,A"]
[Result "1/2-1/2"]
[WhiteElo "2496"]
[BlackElo "2450"]
[EventDate "2002.10.04"]

1. d4 d5 2. c4 c6 3. Nf3 Nf6 4. Nc3 dxc4 5. a4 Bf5 6. e3 e6 7. Bxc4 Bb4 8.
O-O Nbd7 9. Qe2 O-O 10. e4 Bg6 11. Bd3 a6 12. Bf4 h6 13. h3 Rc8 14. Rfd1
Re8 15. Bc2 Qb6 16. Ne5 Nxe5 17. dxe5 Qc7 18. Bh2 Nd7 19. Kh1 Rcd8 20. f4
Bh7 21. Rd3 1/2-1/2

[Event "ch-ESP Gp B"]
[Site "Ayamonte ESP"]
[Date "2002.10.05"]
[Round "2"]
[White "Gual Pascual,A"]
[Black "Herraiz Hidalgo,H"]
[Result "0-1"]
[WhiteElo "2450"]
[BlackElo "2458"]
[EventDate "2002.10.04"]

1. d4 f5 2. g3 Nf6 3. Bg2 g6 4. c3 Bg7 5. Qb3 Nc6 6. Nh3 e6 7. Nf4 Qe7 8.
O-O d6 9. Nxe6 Qxe6 10. d5 Nxd5 11. Bxd5 Qe7 12. e4 fxe4 13. Nd2 Ne5 14.
Bxb7 Rb8 15. Qa4+ Bd7 16. Qxa7 Rxb7 17. Qa8+ Qd8 18. Qxb7 Bc6 19. Qb3 Qd7
20. f4 exf3 21. Rf2 Qe7 22. Nf1 Ng4 23. Be3 Nxf2 24. Kxf2 Kd7 25. Qc4 Rb8
26. b4 Qe6 27. Qxe6+ Kxe6 28. Bd2 Rxb4 29. cxb4 Bxa1 30. h3 Ke5 0-1

[Event "ch-ESP Gp B"]
[Site "Ayamonte ESP"]
[Date "2002.10.05"]
[Round "2"]
[White "Illescas Cordoba,M"]
[Black "Comas Fabrego,L"]
[Result "1/2-1/2"]
[WhiteElo "2585"]
[BlackElo "2496"]
[EventDate "2002.10.04"]

1. d4 Nf6 2. c4 g6 3. Nc3 Bg7 4. e4 d6 5. Be2 O-O 6. Bg5 Na6 7. f4 c6 8.
Nf3 Nc7 9. Bh4 d5 10. e5 Ne4 11. O-O f6 12. Nxe4 dxe4 13. Ne1 Ne6 14. Nc2
g5 15. fxg5 fxe5 16. Rxf8+ Qxf8 17. dxe5 Bxe5 18. Bg3 Bxb2 19. Rb1 Bg7 20.
h4 Nc5 21. Qd2 Be6 22. Qe3 b6 23. Nd4 Bxd4 24. Qxd4 Rd8 25. Qe3 Qg7 26. Kh2
Qd4 27. Qa3 Rd7 28. Bh5 Bxc4 29. Be8 Qd3 30. Qb4 Rd8 31. Bxc6 Rc8 32. Rc1
Rxc6 33. Rxc4 a5 34. Qb5 Rc8 35. a4 Rf8 36. g6 Qf1 37. gxh7+ Kxh7 38. Rxc5
bxc5 39. Qxc5 Qf5 40. Qxe7+ Rf7 41. Qe8 Rf8 42. Qe7+ Rf7 43. Qe8 Rg7 44.
Qb8 Qg6 45. Qe5 Qg4 46. Qd6 Rg6 47. Qc7+ Rg7 48. Qe5 Rg6 1/2-1/2

[Event "ch-ESP Gp B"]
[Site "Ayamonte ESP"]
[Date "2002.10.06"]
[Round "3"]
[White "Comas Fabrego,L"]
[Black "Arizmendi Martinez,J"]
[Result "0-1"]
[WhiteElo "2496"]
[BlackElo "2510"]
[EventDate "2002.10.04"]

1. d4 Nf6 2. Nf3 g6 3. g3 Bg7 4. Bg2 O-O 5. O-O d6 6. Re1 Nbd7 7. e4 e5 8.
Nc3 a6 9. Bg5 h6 10. Bxf6 Qxf6 11. Nd5 Qd8 12. c3 Re8 13. dxe5 dxe5 14. Qc2
c6 15. Ne3 b5 16. a4 Bb7 17. Red1 Qc7 18. Nd2 Nc5 19. axb5 axb5 20. Rxa8
Rxa8 21. b4 Ne6 22. Nb3 Rd8 23. h4 h5 24. Bh3 Bc8 25. Rxd8+ Qxd8 26. Qd1
Qc7 27. Bxe6 Bxe6 28. Nc5 Bc8 29. c4 Bh6 30. Qd3 Bxe3 31. Qxe3 bxc4 32. Qc3
Qd6 33. Qxc4 Qd1+ 34. Qf1 Qd2 35. Qb1 Bg4 36. Kg2 Qc3 37. Qd3 Qxb4 38. Qd8+
Kg7 39. Qd6 Qd4 40. Qxd4 exd4 41. f3 Be6 42. f4 Kf8 43. Kf3 Ke7 44. e5 Bf5
45. Ke2 Kd8 46. Nb3 d3+ 47. Kd2 Kc7 48. Kc3 Kb6 49. Nd2 Kc5 50. Nf3 Kd5 51.
Ng5 c5 52. Nxf7 Ke4 53. Nd6+ Ke3 54. Nxf5+ gxf5 55. e6 d2 56. e7 d1=Q 57.
e8=Q Kf2 58. Qg6 Qc1+ 59. Kb3 c4+ 60. Kb4 c3 61. Qxf5 Qb2+ 62. Ka4 Qa2+ 63.
Kb5 c2 64. Qc5+ Kg2 65. Kc6 Qe6+ 66. Kc7 Qe2 0-1

[Event "ch-ESP Gp B"]
[Site "Ayamonte ESP"]
[Date "2002.10.07"]
[Round "4"]
[White "Arizmendi Martinez,J"]
[Black "Gual Pascual,A"]
[Result "1-0"]
[WhiteElo "2510"]
[BlackElo "2450"]
[EventDate "2002.10.04"]

1. e4 d6 2. d4 g6 3. Nf3 Bg7 4. Be2 Nf6 5. Nc3 O-O 6. O-O c6 7. a4 Nbd7 8.
Bf4 Qa5 9. Nd2 e5 10. Nc4 Qc7 11. dxe5 dxe5 12. Be3 Rd8 13. Qd6 Ne8 14.
Qxc7 Nxc7 15. Bg5 f6 16. Be3 Ne6 17. Rfd1 Bf8 18. Nd6 Bxd6 19. Rxd6 Ndf8
20. Rxd8 Nxd8 21. a5 Nde6 22. Rd1 Kf7 23. Bc4 Ke7 24. Na4 a6 25. Rd3 g5 26.
Nb6 Rb8 27. Rb3 Bd7 28. Na4 Kd6 29. Ba7 1-0

[Event "ch-ESP Gp B"]
[Site "Ayamonte ESP"]
[Date "2002.10.07"]
[Round "4"]
[White "Comas Fabrego,L"]
[Black "Herraiz Hidalgo,H"]
[Result "1/2-1/2"]
[WhiteElo "2496"]
[BlackElo "2458"]
[EventDate "2002.10.04"]

1. d4 f5 2. g3 Nf6 3. Bg2 g6 4. Nd2 Nc6 5. d5 Ne5 6. e4 fxe4 7. Nxe4 Nxe4
8. Bxe4 c6 9. Bd2 Bg7 10. Bc3 O-O 11. f4 Qb6 12. Qe2 Ng4 13. Bxg7 Kxg7 14.
Nf3 Qxb2 15. O-O Qb6+ 16. Kh1 Qe3 17. Rae1 Qxe2 18. Rxe2 cxd5 19. Bxd5 e6
20. Be4 Rb8 21. Rd1 b6 22. Ne5 Nxe5 23. fxe5 Rf7 24. Rd4 Bb7 25. Bxb7 Rxb7
26. Rc4 b5 27. Rc5 a5 28. Kg2 Rf8 29. a4 bxa4 30. Rxa5 Rb4 31. Ra7 Rd4 32.
c4 Rxc4 33. Rxd7+ Rf7 34. Rd6 Ra7 35. Rxe6 Rb4 36. Rd6 a3 37. e6 Rb2 38.
Rxb2 axb2 39. Rb6 1/2-1/2

[Event "ch-ESP Gp B"]
[Site "Ayamonte ESP"]
[Date "2002.10.08"]
[Round "5"]
[White "Herraiz Hidalgo,H"]
[Black "Arizmendi Martinez,J"]
[Result "1/2-1/2"]
[WhiteElo "2458"]
[BlackElo "2510"]
[EventDate "2002.10.04"]

1. d4 Nf6 2. c4 g6 3. Nc3 Bg7 4. e4 d6 5. Be2 O-O 6. Bg5 Na6 7. Qd2 e5 8.
d5 c6 9. h4 cxd5 10. cxd5 Bd7 11. f3 Qa5 12. Nd1 Nb4 13. Ne3 1/2-1/2

[Event "ch-ESP Gp B Playoff"]
[Site "Ayamonte ESP"]
[Date "2002.10.08"]
[Round "1"]
[White "Illescas Cordoba,M"]
[Black "Herraiz Hidalgo,H"]
[Result "0-1"]
[WhiteElo "2585"]
[BlackElo "2458"]
[EventDate "2002.10.08"]

1. d4 f5 2. Nf3 Nf6 3. g3 g6 4. Bg2 Bg7 5. O-O O-O 6. b3 d6 7. Bb2 Qe8 8.
Nbd2 Nc6 9. Nc4 e6 10. Ne1 g5 11. Nd3 Qh5 12. e3 Qxd1 13. Raxd1 Bd7 14. Nd2
Rad8 15. c4 Rfe8 16. b4 b6 17. b5 Nb8 18. a4 a6 19. Nb4 axb5 20. cxb5 Re7
21. Rc1 Be8 22. Rc2 d5 23. Rfc1 Rc8 24. Ba3 Rf7 25. Nf3 Ne4 26. Nd3 Bf8 27.
Nfe5 Bxa3 28. Nxf7 Bxc1 29. Nh6+ Kg7 30. Nxf5+ exf5 31. Rxc1 Bf7 32. f3 Nd6
33. Ne5 Be6 34. Kf2 Nd7 35. Nc6 Ra8 36. f4 Rxa4 37. Nd8 Ra2+ 38. Kg1 Kf6
39. Rxc7 gxf4 40. gxf4 Ra5 41. Nc6 Nxb5 42. Rc8 Ra1+ 43. Kf2 Nd6 44. Rh8
Kg7 45. Rd8 Ne4+ 46. Bxe4 fxe4 47. Re8 Kf7 48. Re7+ Kf6 49. Rxh7 Rc1 50.
Rh6+ Kf7 51. Nd8+ Ke7 52. Nxe6 Nf6 53. Nc7 Ng4+ 54. Kg3 Nxh6 0-1

[Event "ch-ESP Gp B Playoff"]
[Site "Ayamonte ESP"]
[Date "2002.10.08"]
[Round "3"]
[White "Illescas Cordoba,M"]
[Black "Herraiz Hidalgo,H"]
[Result "1/2-1/2"]
[WhiteElo "2585"]
[BlackElo "2458"]
[EventDate "2002.10.08"]

1. d4 f5 2. g3 Nf6 3. Bg2 g6 4. Nf3 Bg7 5. O-O O-O 6. b3 d6 7. Bb2 Qe8 8.
d5 Na6 9. c4 Bd7 10. Nc3 c6 11. Nd4 Nc7 12. Rc1 c5 13. Nf3 b5 14. Qc2 a5
15. cxb5 Nxb5 16. Nxb5 Bxb5 17. Ng5 Bd7 18. Ne6 Bxe6 19. dxe6 Rb8 20. Bc3
Qc8 21. Bxa5 Qxe6 22. Bc3 d5 23. Bxf6 Bxf6 24. Qxc5 Qxe2 25. Qxd5+ Kg7 26.
a4 Rfd8 27. Qc4 Qa2 28. Bd5 Rd6 29. Rc2 Qa3 30. Re1 Rb4 31. Qd3 Rxa4 32.
Qf3 Rd4 33. Bc4 Qb4 34. Rce2 e5 35. Qa8 e4 36. Qg8+ Kh6 37. h4 Rd1 38. Rxd1
Rxd1+ 39. Kg2 Qb7 40. Qe6 Kg7 41. Qa6 Qb4 42. Qa7+ Kh6 43. Qe3+ Kg7 44. Ra2
Rd7 45. Ra7 Rxa7 46. Qxa7+ Kh6 47. Bg8 Qe7 48. Qxe7 Bxe7 49. f3 exf3+ 50.
Kxf3 Bd6 51. Bc4 1/2-1/2

[Event "ch-ESP Semi-Final"]
[Site "Ayamonte ESP"]
[Date "2002.10.09"]
[Round "1"]
[White "Herraiz Hidalgo,H"]
[Black "Shirov,A"]
[Result "0-1"]
[WhiteElo "2458"]
[BlackElo "2699"]
[EventDate "2002.10.09"]

1. d4 d5 2. c4 c6 3. cxd5 cxd5 4. Nc3 Nf6 5. Bf4 Nc6 6. e3 Bg4 7. f3 Bd7 8.
Bd3 e6 9. Bg5 h6 10. Bh4 Be7 11. f4 Qb6 12. Rb1 g5 13. fxg5 Ne4 14. Qh5
Nxg5 15. Bg3 Nb4 16. Be2 Rc8 17. Nh3 Nc2+ 18. Kd2 Ne4+ 19. Kxc2 Ba4+ 20.
Kc1 0-1

[Event "ch-ESP Semi-Final"]
[Site "Ayamonte ESP"]
[Date "2002.10.10"]
[Round "2"]
[White "Shirov,A"]
[Black "Herraiz Hidalgo,H"]
[Result "1-0"]
[WhiteElo "2699"]
[BlackElo "2458"]
[EventDate "2002.10.09"]

1. e4 e6 2. d4 d5 3. Nc3 Nf6 4. Bg5 dxe4 5. Nxe4 Nbd7 6. Nf3 Be7 7. Nxf6+
Bxf6 8. h4 O-O 9. Bd3 c5 10. Qe2 cxd4 11. O-O-O e5 12. Kb1 Re8 13. Rhe1 g6
14. Bc4 Qe7 15. Bxf6 Qxf6 16. Rxd4 Nb6 17. Bb3 Bd7 18. Nxe5 Rxe5 19. Qxe5
Re8 20. Qxe8+ Bxe8 21. Rxe8+ Kg7 22. Red8 Qxf2 23. a4 Qxg2 24. a5 Nc8 25.
R4d7 Qg1+ 26. Ka2 Qc5 27. Rxf7+ Kh6 28. Rd5 Qb4 29. c3 Qxh4 30. Rdd7 Qe4
31. Rxh7+ Kg5 32. Rd5+ Kf6 33. Rf7+ 1-0

[Event "ch-ESP Final"]
[Site "Ayamonte ESP"]
[Date "2002.10.11"]
[Round "1"]
[White "Shirov,A"]
[Black "Vallejo Pons,F"]
[Result "1-0"]
[WhiteElo "2699"]
[BlackElo "2635"]
[EventDate "2002.10.11"]

1. e4 c6 2. d4 d5 3. e5 c5 4. dxc5 e6 5. Qg4 h5 6. Qf4 Bxc5 7. Bd3 Qb6 8.
c3 Bd7 9. b4 Be7 10. Be3 g5 11. Qg3 h4 12. Qh3 Qc7 13. f4 Nc6 14. Nf3 gxf4
15. Bxf4 f5 16. O-O Nh6 17. b5 Bc5+ 18. Kh1 Ne7 19. Qxh4 O-O-O 20. Bxh6 Ng8
21. Bf4 Rxh4 22. Nxh4 Ne7 23. Nd2 Rh8 24. Nxf5 Nxf5 25. Bxf5 Qb6 26. Bg4
Be3 27. Rae1 Bxf4 28. Rxf4 Qxb5 29. Nb3 Qd3 30. Rf3 Qg6 31. Bh3 Rh5 32. Kg1
Kb8 33. Nd4 a6 34. Rg3 Qh6 35. Bg4 Rg5 36. h3 Rg8 37. Rf3 Qd2 38. Re2 Qc1+
39. Kh2 Rg6 40. Bh5 Rh6 41. Bg4 Qg5 42. Rg3 Qf4 43. Ree3 Qf2 44. Ref3 Qe1
45. Rf7 Bc8 46. Be2 Rh8 47. a4 Ka8 48. a5 Qa1 49. Bg4 Qe1 50. Be2 Qa1 51.
Rf6 Qe1 52. Rf1 Qd2 53. Rf7 Qe1 54. Rf6 Re8 55. Rf1 Qd2 56. Bh5 Rh8 57. Bf7
Rf8 58. h4 Qh6 59. Kh3 Rh8 60. h5 Bd7 61. Kh4 Qf8 62. Rf6 Qb8 63. Nf3 Ka7
64. h6 Qf8 65. Rgg6 Qc5 66. Rg8 Qf2+ 67. Kh3 Rh7 68. Rg7 Rh8 69. Bxe6 Bc6
70. Bf5 Bb5 71. Rb6 Ka8 72. h7 Bf1 73. Rg8+ Ka7 74. Rxh8 Qxf3+ 75. Kh4 Qf4+
76. g4 Qxe5 77. Rg8 Qh2+ 78. Kg5 Qd2+ 79. Kg6 1-0